000 01031cab a2200265 4500
001 ABS53363
008 090401t1995 xxu||||| |||| 00| 0 eng d
035 _a(Sirsi) u3748
041 _aeng
100 _aRanasinghe, M.
245 _aCALM: An innovative approach for contingency allocation and management for buildings
260 _c1995
350 _a0
490 _aJournal of Real Estate and Construction
_v5(1) July 1995, 83-97(8)
520 _aOffers a theoretical approach for the allocation, distribution and management of building contingency costs. The author`s method is derived from a detailed analysis of a Bill of Quantities and is supported by statistical examples and mathematical equations.
650 _aBILL OF QUANTITIES
650 _aBUILDING PROJECTS
650 _aCALM
650 _aCONTINGENCY ALLOCATION AND MANAGEMENT FOR BUILDINGS
650 _aCOST ALLOCATION
650 _aUNCERTAINTY QUANTIFICATION
690 _aBUILT ENVIRONMENT-BUILDING COSTS
942 _n0
948 _c04/03/1997
999 _c2287
_d2287